000 00311nam a2200121Ia 4500
008 240731s9999 xx 000 0 und d
022 _a1747-7654
245 0 _aJournal of Tourism and Cultural Change
260 _bRoutledge
856 _uhttps://www.tandfonline.com/loi/rtcc20
942 _2ddc
942 _cTFEJ
999 _c78226
_d78226
945 _a1
_bMadushi Gamage
_c1
_dMadushi Gamage